Discos de Led Zeppelin por foto - Estadísticas

Estadísticas generales
  • Esta prueba ha sido intentada 25 veces
  • La puntuación promedio es 6 de 9
Estadísticas de respuestas
Imagen Respuesta % Correcto
Led Zeppelin
100%
Led Zeppelin II
92%
Led Zeppelin III
92%
Led Zeppelin IV
92%
Coda
52%
Physical Graffiti
48%
In Through the Out Door
40%
Presence
40%
Houses of the Holy
36%
No se encontraron pruebas coincidentes
Distribución de puntuación
Porcentaje de gente con cada puntuación
Porcentaje por número respondido
Historial de tus puntuaciones
No has intentado esta prueba.